[Event "Ronne Jubilaum"]
[Site "Ronne"]
[Date "2001.06.30"]
[Round "9"]
[White "Evensen, Tom Richard"]
[Black "Cordes, Till"]
[Result "1-0"]
[WhiteElo "1838"]
[BlackElo "1431"]
[PlyCount "35"]
[EventDate "2001.??.??"]
[EventType "swiss"]
[EventRounds "9"]
[EventCountry "DEN"]
[SourceDate "2005.12.01"]

1. d4 d5 2. c4 e6 3. Nc3 f5 4. Nf3 c6 5. Bg5 Nf6 6. e3 Bd6 7. Bd3 O-O 8. O-O
Bd7 9. Qc2 Be8 10. Ne5 Nbd7 11. f4 Bh5 12. h3 Qc7 13. Rac1 Qb8 14. g4 fxg4 15.
Nxd7 Nxd7 16. Bxh7+ Kh8 17. hxg4 Bxg4 18. Qh2 1-0

[Event "Ronne Jubilaum"]
[Site "Ronne"]
[Date "2001.06.30"]
[Round "9"]
[White "Petersen, Jan"]
[Black "Furseev, Evgeni"]
[Result "1/2-1/2"]
[WhiteElo "1742"]
[BlackElo "1800"]
[PlyCount "53"]
[EventDate "2001.??.??"]
[EventType "swiss"]
[EventRounds "9"]
[EventCountry "DEN"]
[SourceDate "2005.12.01"]

1. e4 e5 2. Nf3 f5 3. d4 exd4 4. exf5 Bb4+ 5. Bd2 Bxd2+ 6. Nbxd2 c5 7. Bc4 d5
8. Bb5+ Bd7 9. Qe2+ Qe7 10. Bxd7+ Nxd7 11. Qe6 O-O-O 12. O-O Qxe6 13. fxe6 Ndf6
14. Rfe1 Re8 15. Re2 Ne7 16. Rae1 Kc7 17. a3 a5 18. b4 axb4 19. axb4 b6 20. Ra1
Ra8 21. Ree1 Kd6 22. Ng5 Kc6 23. Nb3 h6 24. Nf7 Rhb8 25. bxc5 bxc5 26. Ne5+ Kd6
27. Nf7+ 1/2-1/2

[Event "Ronne Jubilaum"]
[Site "Ronne"]
[Date "2001.06.30"]
[Round "9"]
[White "Jensen, Jan Kargaard"]
[Black "Kraft, Rene"]
[Result "0-1"]
[WhiteElo "1644"]
[BlackElo "1627"]
[PlyCount "82"]
[EventDate "2001.??.??"]
[EventType "swiss"]
[EventRounds "9"]
[EventCountry "DEN"]
[SourceDate "2005.12.01"]

1. d4 d5 2. c4 c6 3. Nf3 Nf6 4. Nc3 e6 5. Bg5 Be7 6. e3 h6 7. Bh4 O-O 8. Qc2
Nbd7 9. a4 Qa5 10. Nd2 Qd8 11. cxd5 exd5 12. Bd3 Ne8 13. Bg3 Ndf6 14. O-O Nh5
15. Rad1 Bd6 16. Bxd6 Nxd6 17. Nb3 Bg4 18. f3 Bc8 19. e4 Nf4 20. exd5 Nxd3 21.
Qxd3 Bf5 22. Qd2 Nc4 23. Qc1 cxd5 24. Nc5 b6 25. Nd3 Rc8 26. b3 Ne3 27. Qxe3
Rxc3 28. Qe2 Rxb3 29. Nf2 Re8 30. Qa6 Qd7 31. Rc1 Re7 32. g4 Bg6 33. f4 Be4 34.
f5 Rb4 35. f6 gxf6 36. a5 Kg7 37. axb6 Rxb6 38. Qa3 Qd6 39. Rc5 Reb7 40. Qe3
Rb3 41. Qd2 Rg3+ 0-1

[Event "Ronne Jubilaum"]
[Site "Ronne"]
[Date "2001.06.30"]
[Round "9"]
[White "Hemdorff, Dennis"]
[Black "Knudsen, Jesper"]
[Result "1/2-1/2"]
[WhiteElo "1653"]
[BlackElo "1617"]
[PlyCount "68"]
[EventDate "2001.??.??"]
[EventType "swiss"]
[EventRounds "9"]
[EventCountry "DEN"]
[SourceDate "2005.12.01"]

1. e4 c5 2. Nf3 d6 3. d4 cxd4 4. Nxd4 Nf6 5. Nc3 g6 6. Be3 Bg7 7. f3 O-O 8. Qd2
a6 9. h4 h5 10. Bc4 b5 11. Bb3 Bb7 12. Bg5 Nbd7 13. O-O-O Ne5 14. g4 hxg4 15.
f4 Nc4 16. Bxc4 bxc4 17. Bxf6 Bxf6 18. f5 Qb6 19. fxg6 Bxd4 20. gxf7+ Rxf7 21.
Qxd4 Qxd4 22. Rxd4 Kh7 23. Rg1 Rg8 24. Rxc4 Kh6 25. Nd5 Bxd5 26. exd5 Kh5 27.
Kd2 Rf5 28. Rd4 Kxh4 29. Rh1+ Kg3 30. Rg1+ Kh4 31. Rh1+ Kg5 32. Rxg4+ Kxg4 33.
Rg1+ Kf4 34. Rxg8 Rxd5+ 1/2-1/2

[Event "Ronne Jubilaum"]
[Site "Ronne"]
[Date "2001.06.30"]
[Round "9"]
[White "Mildenberger, Hans"]
[Black "Hansen, Erik Hedegaard"]
[Result "1-0"]
[WhiteElo "1700"]
[BlackElo "1634"]
[PlyCount "51"]
[EventDate "2001.??.??"]
[EventType "swiss"]
[EventRounds "9"]
[EventCountry "DEN"]
[SourceDate "2005.12.01"]

1. d4 Nf6 2. c4 g6 3. Nf3 Bg7 4. e3 O-O 5. Nc3 d5 6. Bd3 c5 7. h3 Nc6 8. cxd5
Nxd5 9. Bc4 Nxc3 10. bxc3 cxd4 11. cxd4 Qc7 12. Bb3 Bf5 13. O-O Nb4 14. Ba3 Nc6
15. Rc1 Qa5 16. Bb2 Rac8 17. Rc5 Qd8 18. Qd2 a6 19. Ba3 b5 20. Rfc1 Re8 21.
Rxc6 Rxc6 22. Rxc6 a5 23. Rc5 b4 24. Bb2 Qb6 25. Qc1 Be4 26. Ng5 1-0

[Event "Ronne Jubilaum"]
[Site "Ronne"]
[Date "2001.06.30"]
[Round "9"]
[White "Smetankin, Stanislav"]
[Black "De Firmian, Nick E"]
[Result "1-0"]
[WhiteElo "2431"]
[BlackElo "2382"]
[PlyCount "35"]
[EventDate "2001.??.??"]
[EventType "swiss"]
[EventRounds "9"]
[EventCountry "DEN"]
[SourceDate "2005.12.01"]

1. e4 c5 2. Nf3 d6 3. d4 Nf6 4. Nc3 cxd4 5. Nxd4 a6 6. Be2 e5 7. Nb3 Be7 8. a4
Nc6 9. O-O O-O 10. f4 Nb4 11. Kh1 Bd7 12. Be3 Rc8 13. a5 Qc7 14. Bb6 Qc6 15.
Bf3 Be6 16. Rf2 Bd8 17. Ba7 b6 18. Rd2 1-0

[Event "Ronne Jubilaum"]
[Site "Ronne"]
[Date "2001.06.30"]
[Round "9"]
[White "Johansson, Pelle"]
[Black "Schultz Pedersen, Jesper"]
[Result "0-1"]
[WhiteElo "2078"]
[BlackElo "2206"]
[PlyCount "98"]
[EventDate "2001.??.??"]
[EventType "swiss"]
[EventRounds "9"]
[EventCountry "DEN"]
[SourceDate "2005.12.01"]

1. d4 Nc6 2. Nf3 d5 3. g3 Bg4 4. Bg2 Qd7 5. c3 f6 6. Qb3 O-O-O 7. a4 e5 8. dxe5
fxe5 9. Bg5 Nf6 10. Nbd2 Bc5 11. Qb5 Bb6 12. e3 a6 13. Qf1 e4 14. Nd4 Ne5 15.
N2b3 Nd3+ 16. Kd2 c5 17. h3 Bh5 18. g4 Bf7 19. Nf5 Be6 20. Nc1 Nxb2 21. Ne2
Bxf5 22. gxf5 Qxf5 23. h4 Kb8 24. Kc2 Nc4 25. Ng3 Qe6 26. Bh3 Qf7 27. Qb1 Ba5
28. Bf1 Rhe8 29. Qb3 Ka7 30. Be2 Rd6 31. Rab1 Rb6 32. Qa2 Nd7 33. Bf4 Qf6 34.
Qa1 Rxb1 35. Rxb1 Ndb6 36. Rd1 Qc6 37. Nf5 g6 38. Bxc4 Nxc4 39. Ng3 Nb6 40. Qa2
Nc4 41. Qb3 Rc8 42. Ne2 Qe6 43. Rb1 Qf7 44. Bg3 Rc6 45. Nf4 d4 46. exd4 cxd4
47. Nd5 Nb6 48. Nxb6 Qxb3+ 49. Rxb3 Bxb6 0-1

[Event "Ronne Jubilaum"]
[Site "Ronne"]
[Date "2001.06.25"]
[Round "2"]
[White "Scholvin, Bjoern"]
[Black "Gaponenko, Inna"]
[Result "0-1"]
[WhiteElo "2122"]
[BlackElo "2373"]
[PlyCount "72"]
[EventDate "2001.??.??"]
[EventType "swiss"]
[EventRounds "9"]
[EventCountry "DEN"]
[SourceDate "2005.12.01"]

1. e4 c5 2. Nf3 Nc6 3. Bb5 Na5 4. c3 a6 5. Ba4 b5 6. Bc2 Bb7 7. O-O e6 8. d4
cxd4 9. cxd4 Nf6 10. Qe2 Rc8 11. Bg5 Be7 12. Bd3 h6 13. Bh4 Qb6 14. e5 Bxf3 15.
Qxf3 Nd5 16. Bxe7 Kxe7 17. Qg4 g5 18. Rd1 f5 19. exf6+ Nxf6 20. Qe2 Nc6 21. Nc3
Nxd4 22. Qe3 Rc6 23. a4 Rd6 24. a5 Qc5 25. Be4 Nb3 26. Qxc5 Nxc5 27. Bf3 Rxd1+
28. Rxd1 d5 29. h3 Nb3 30. Ne2 Rc8 31. Nd4 Nxd4 32. Rxd4 Rc2 33. b3 e5 34. Rd1
e4 35. Bg4 Nxg4 36. hxg4 Ke6 0-1

[Event "Ronne Jubilaum"]
[Site "Ronne"]
[Date "2001.06.25"]
[Round "2"]
[White "Poley, Vladimir"]
[Black "Eriksson, Magnus"]
[Result "1/2-1/2"]
[WhiteElo "2361"]
[BlackElo "2290"]
[PlyCount "97"]
[EventDate "2001.??.??"]
[EventType "swiss"]
[EventRounds "9"]
[EventCountry "DEN"]
[SourceDate "2005.12.01"]

1. Nf3 d5 2. g3 Bg4 3. Ne5 Bf5 4. d4 Nd7 5. Nd3 Ngf6 6. Bg2 e6 7. O-O c5 8.
dxc5 Nxc5 9. c4 Bxd3 10. exd3 dxc4 11. d4 Nce4 12. Qa4+ Qd7 13. Qxc4 Rc8 14.
Qd3 Nc5 15. Qe3 Na4 16. Qb3 Nb6 17. Nc3 Nfd5 18. a4 a5 19. Nxd5 Nxd5 20. Bd2
Bb4 21. Bxd5 Qxd5 22. Qxd5 exd5 23. Rfe1+ Kd7 24. Bxb4 axb4 25. Re5 Kd6 26.
Rae1 Rhd8 27. R5e3 Rc4 28. Rd1 Rdc8 29. Kf1 Rc2 30. Re2 R8c4 31. Rd3 Rc1+ 32.
Kg2 R1c2 33. Kf3 Rc7 34. Rxc2 Rxc2 35. Rb3 Rc4 36. Ke3 Kc6 37. Rd3 Rc2 38. Rd2
Rc4 39. Rd3 Rc2 40. Rd2 Rc4 41. Kd3 b3 42. Re2 Kd6 43. a5 Kd7 44. f4 Kd6 45. h4
Ra4 46. Kc3 Rc4+ 47. Kd3 Ra4 48. Kc3 Rc4+ 49. Kd3 1/2-1/2

[Event "Ronne Jubilaum"]
[Site "Ronne"]
[Date "2001.06.26"]
[Round "4"]
[White "Blum, Thomas"]
[Black "Hautala, Roman"]
[Result "0-1"]
[WhiteElo "2117"]
[BlackElo "2182"]
[PlyCount "79"]
[EventDate "2001.??.??"]
[EventType "swiss"]
[EventRounds "9"]
[EventCountry "DEN"]
[SourceDate "2005.12.01"]

1. e4 Nf6 2. e5 Nd5 3. d4 d6 4. Bc4 Nb6 5. Bb3 dxe5 6. Qh5 e6 7. dxe5 c5 8. Be3
c4 9. Bxb6 Qxb6 10. Ba4+ Bd7 11. Bxd7+ Nxd7 12. b3 Qd4 13. c3 Qxe5+ 14. Qe2 Bd6
15. Nf3 Qxe2+ 16. Kxe2 Ne5 17. Nbd2 Nxf3 18. Nxf3 Ke7 19. Rhd1 Rhd8 20. Rac1
cxb3 21. axb3 Bc5 22. Rxd8 Rxd8 23. b4 Bb6 24. c4 a6 25. c5 Bc7 26. h3 Rd5 27.
Rd1 Rxd1 28. Kxd1 f6 29. Ke2 e5 30. g4 Ke6 31. Kd3 Kd5 32. Nd2 a5 33. Kc3 g6
34. Nb3 axb4+ 35. Kxb4 f5 36. f3 e4 37. fxe4+ Kxe4 38. Na5 Bxa5+ 39. Kxa5 f4
40. Kb6 0-1

[Event "Ronne Jubilaum"]
[Site "Ronne"]
[Date "2001.06.26"]
[Round "4"]
[White "Scholvin, Bjoern"]
[Black "Johansson, Pelle"]
[Result "1-0"]
[WhiteElo "2122"]
[BlackElo "2078"]
[PlyCount "135"]
[EventDate "2001.??.??"]
[EventType "swiss"]
[EventRounds "9"]
[EventCountry "DEN"]
[SourceDate "2005.12.01"]

1. e4 c6 2. d4 d5 3. exd5 cxd5 4. c4 Nf6 5. Nc3 Nc6 6. Bg5 Qa5 7. Bxf6 exf6 8.
c5 Bxc5 9. dxc5 d4 10. a3 dxc3 11. b4 Qc7 12. Bd3 O-O 13. Qc2 Re8+ 14. Ne2 Nd4
15. Qxc3 Nxe2 16. Bxe2 b6 17. O-O Rxe2 18. Qf3 Rxf2 19. Qxf2 bxc5 20. Qxc5 Qb6
21. Rfd1 Be6 22. Qxb6 axb6 23. Rd6 b5 24. a4 Kf8 25. a5 Ke7 26. Rb6 Bc4 27. Rd1
f5 28. Kf2 g6 29. Rb7+ Ke6 30. Ke3 Ke5 31. Rdd7 f4+ 32. Kf2 Kf5 33. Rxf7+ Bxf7
34. Rxf7+ Ke4 35. Rb7 Rc8 36. Rxb5 Rc2+ 37. Ke1 Ra2 38. Rb8 Kd4 39. Kf1 Kc4 40.
Rb6 g5 41. a6 g4 42. Rf6 Ra1+ 43. Ke2 Ra2+ 44. Kd1 Rxg2 45. Rxf4+ Kb5 46. a7
Ra2 47. Rxg4 Rxa7 48. Rh4 Ra2 49. Ke1 Rc2 50. Kf1 Ra2 51. Kg1 Rc2 52. Rxh7 Kxb4
53. Rb7+ Ka5 54. h3 Ka6 55. Rb3 Ka7 56. h4 Ra2 57. Rb4 Ka8 58. h5 Rc2 59. Rb5
Ka7 60. h6 Rc6 61. Rh5 Rc8 62. h7 Rh8 63. Kg2 Kb7 64. Kg3 Kc7 65. Kg4 Kd7 66.
Kg5 Ke7 67. Kg6 Kf8 68. Re5 1-0

[Event "Ronne Jubilaum"]
[Site "Ronne"]
[Date "2001.06.28"]
[Round "7"]
[White "Henrichsen, Jens"]
[Black "Furseev, Evgeni"]
[Result "1-0"]
[WhiteElo "2051"]
[BlackElo "1800"]
[PlyCount "109"]
[EventDate "2001.??.??"]
[EventType "swiss"]
[EventRounds "9"]
[EventCountry "DEN"]
[SourceDate "2005.12.01"]

1. d4 d5 2. c4 c6 3. Nf3 Nf6 4. Nc3 dxc4 5. a4 Bf5 6. e3 e6 7. Bxc4 Be7 8. O-O
O-O 9. Nh4 Bg4 10. f3 Bh5 11. g4 Nd5 12. Ng2 Bg6 13. e4 Nb6 14. Bb3 a5 15. Be3
Na6 16. Qe2 c5 17. Rfd1 Qc8 18. Rac1 Nd7 19. d5 e5 20. Nb5 h6 21. h4 Kh8 22.
Qd2 h5 23. g5 Nb4 24. d6 Bd8 25. Nc7 b6 26. Nxa8 Qxa8 27. Bf2 f5 28. exf5 Rxf5
29. Be6 Rxf3 30. Bxd7 Nd3 31. Rf1 Nxc1 32. Qxc1 Bd3 33. Re1 Qd5 34. Re3 Rf7 35.
Qd1 c4 36. Be8 Rf8 37. d7 g6 38. Bxg6 Qxd7 39. Bxd3 cxd3 40. Qxh5+ Kg8 41. Qg6+
Qg7 42. Qxg7+ Kxg7 43. Rxd3 Kg6 44. Rd6+ Kf5 45. Bxb6 Be7 46. Rc6 Rb8 47. Ne3+
Ke4 48. Re6 Bb4 49. Kf2 Bd2 50. Ke2 Bxe3 51. Bxe3 Rxb2+ 52. Bd2 Ra2 53. g6 Rxa4
54. g7 Rc4 55. g8=Q 1-0

[Event "Ronne Jubilaum"]
[Site "Ronne"]
[Date "2001.06.28"]
[Round "7"]
[White "Hauschild, Andreas"]
[Black "Dalrud, Endre"]
[Result "1-0"]
[WhiteElo "2290"]
[BlackElo "2145"]
[PlyCount "89"]
[EventDate "2001.??.??"]
[EventType "swiss"]
[EventRounds "9"]
[EventCountry "DEN"]
[SourceDate "2005.12.01"]

1. d4 d5 2. c4 e6 3. Nc3 c6 4. Nf3 dxc4 5. e3 b5 6. a4 Bb4 7. Bd2 a5 8. axb5
Bxc3 9. Bxc3 cxb5 10. b3 Bb7 11. bxc4 b4 12. Bb2 Nf6 13. Bd3 Nbd7 14. O-O O-O
15. Qc2 Qc7 16. Rfe1 Rfe8 17. c5 Bc6 18. e4 h6 19. Nd2 a4 20. Re3 a3 21. Bc1
Ba4 22. Nb3 e5 23. Rg3 Kf8 24. f4 exd4 25. e5 Nd5 26. Be4 Nc3 27. Bxa8 Rxa8 28.
Qh7 Ne2+ 29. Kf2 Nxg3 30. Kxg3 Bxb3 31. Qh8+ Ke7 32. Qxa8 Qxc5 33. Bd2 Qb6 34.
Rc1 Nc5 35. f5 Qc7 36. Bf4 d3 37. f6+ Ke6 38. fxg7 d2 39. g8=Q dxc1=Q 40. Qg4+
Ke7 41. Qh4+ Kd7 42. Bxc1 Qxe5+ 43. Qf4 Qc3+ 44. Be3 a2 45. Qb7+ 1-0

[Event "Ronne Jubilaum"]
[Site "Ronne"]
[Date "2001.06.30"]
[Round "9"]
[White "Ibragimov, Ildar"]
[Black "Jakobsen, Ole"]
[Result "0-1"]
[WhiteElo "2578"]
[BlackElo "2399"]
[PlyCount "67"]
[EventDate "2001.??.??"]
[EventType "swiss"]
[EventRounds "9"]
[EventCountry "DEN"]
[SourceDate "2005.12.01"]

1. d4 d6 2. e4 g6 3. c4 e5 4. Nf3 Bg7 5. Nc3 Nc6 6. d5 Nce7 7. Be2 c5 8. O-O
Nf6 9. Ne1 O-O 10. f4 exf4 11. Bxf4 Ne8 12. Nf3 f5 13. e5 dxe5 14. Bxe5 Bxe5
15. Nxe5 Qd6 16. Nd3 Bd7 17. Qd2 b6 18. Rae1 Nf6 19. Bf3 Rae8 20. a3 a5 21. Ne5
Nc8 22. Qf4 Ne4 23. Bxe4 Rxe5 24. Qh4 fxe4 25. Rxf8+ Qxf8 26. Nxe4 Nd6 27. Rf1
Rf5 28. Nf6+ Kg7 29. Qxh7+ Kxf6 30. Qxd7 Rxf1+ 31. Kxf1 Nxc4 32. Qe6+ Kg7+ 33.
Kg1 Qf6 34. Qd7+ 0-1

[Event "Ronne Jubilaum"]
[Site "Ronne"]
[Date "2001.06.30"]
[Round "9"]
[White "Maiorov, Nikita"]
[Black "Hoi, Carsten"]
[Result "1-0"]
[WhiteElo "2326"]
[BlackElo "2404"]
[PlyCount "81"]
[EventDate "2001.??.??"]
[EventType "swiss"]
[EventRounds "9"]
[EventCountry "DEN"]
[SourceDate "2005.12.01"]

1. d4 Nf6 2. c4 g6 3. Nf3 Bg7 4. g3 O-O 5. Bg2 d6 6. O-O Bg4 7. h3 Bxf3 8. Bxf3
Nc6 9. Nc3 Nd7 10. e3 e5 11. d5 Ne7 12. Bd2 f5 13. e4 Kh8 14. Kg2 Ng8 15. h4 f4
16. h5 g5 17. Bg4 Nh6 18. Be2 g4 19. Bxg4 Nxg4 20. Qxg4 Bh6 21. Rad1 Nf6 22.
Qh3 Rg8 23. Kf3 Ng4 24. Ke2 c6 25. f3 Ne3 26. Bxe3 fxe3 27. Qe6 Bf8 28. Rg1 Qb6
29. b3 Qa5 30. Rc1 Qb4 31. Rc2 a5 32. dxc6 bxc6 33. Na4 h6 34. Qd7 d5 35. Qxc6
Bg7 36. Qc5 Qb7 37. exd5 e4 38. f4 Qf7 39. Qxe3 Qxh5+ 40. g4 Qh4 41. Kd1 1-0